00788nam a2200277Ia 4500008004000000020001500040041000800055082001700063100002100080245005200101260003600153300001100189440000600200650000800206650001400214650000700228650001600235650000700251650001300258650001100271690001700282700002600299906001100325999001900336952015500355210210b2003 xxu||||| |||| 00| 0 eng d a0121794628 aeng a574.133 COLH aCOLE (Richard J) aHandbook of secondary fungal metabolites Vol II aAmsterdambAcademic Pressc2003 axi,819 a2 aVol asecondary aof ametabolites aII aHandbook afungal aBiochemistry aSCHWEIKERT (Milbra A) a065947 c147328d147328 00102ddc40738BTaALbALd2021-02-17eSouthern Book Sellers,Bangalore-560082g2500.00l0o574.133 COLHp065947r2021-02-17 00:00:00w2021-02-17yBK